[Event "8 Player Open 13"]
[Site "SchemingMind.com"]
[Date "2014.10.02"]
[Round "-"]
[White "Marc Wakeham"]
[Black "palberto63"]
[Result "0-1"]
[WhiteCountry "WLS"]
[BlackCountry "CUB"]
[WhiteElo "1534"]
[WhiteRD "67"]
[BlackElo "2213"]
[BlackRD "64"]
[GameID "366346"]

1. e4 c5 2. c3 Nf6 3. e5 Nd5 4. d4 cxd4 5. Nf3 Nc6 6. Bc4 Nb6 7. Bb3 d5 8. exd6 Qxd6 9. O-O g6 10. cxd4 Bg7
11. Be3 Na5 12. Bxf7+ Kxf7 13. Ng5+ Kg8 14. Nc3 Bf5 15. a3 Nbc4 16. b4 Nxe3 17. fxe3 h6 18. Nf3 Nc4 19. Re1 Rc8 20. Kh1 Qe6
21. Qc1 Kh7 22. e4 Bg4 23. Qf4 Bxf3 24. gxf3 Bxd4 25. Rac1 Be3 26. Rxe3 Rhf8
0-1

[Event "8 Player Open 13"]
[Site "SchemingMind.com"]
[Date "2014.10.02"]
[Round "-"]
[White "palberto63"]
[Black "Marc Wakeham"]
[Result "1-0"]
[WhiteCountry "CUB"]
[BlackCountry "WLS"]
[WhiteElo "2213"]
[WhiteRD "64"]
[BlackElo "1534"]
[BlackRD "67"]
[GameID "366347"]

1. e4 d6 2. d4 Nf6 3. Nc3 g6 4. Nf3 Bg7 5. Be2 O-O 6. O-O Bg4 7. h3 Bxf3 8. Bxf3 c6 9. Be3 Qc7 10. a4 a6
11. a5 Nbd7 12. Qd2 c5 13. d5 Ne5 14. Be2 b5 15. axb6 Qxb6 16. Bg5 Rfb8 17. Rfb1 a5 18. b3 Qc7 19. Qe1 Rb7 20. Nb5 Qd8
21. Bf1 Qe8 22. c4 h6 23. Bd2 Ned7 24. Rxa5 Rxa5 25. Bxa5 Nb6 26. e5 Nh7 27. Bxb6 Rxb6 28. exd6 Nf6 29. dxe7 Nd7 30. Nc7
1-0

[Event "8 Player Open 13"]
[Site "SchemingMind.com"]
[Date "2014.10.05"]
[Round "-"]
[White "Manfred Kraut"]
[Black "palberto63"]
[Result "0-1"]
[WhiteCountry "GER"]
[BlackCountry "CUB"]
[WhiteElo "1533"]
[WhiteRD "70"]
[BlackElo "2213"]
[BlackRD "64"]
[GameID "366348"]

1. d4 Nf6 2. Nf3 e6 3. e3 d5 4. Bd3 a6 5. O-O c5 6. c4 Nc6 7. b3 dxc4 8. Bxc4 cxd4 9. exd4 Be7 10. Nc3 b5
11. Bd3 O-O 12. Qc2 Nxd4 13. Nxd4 Qxd4 14. Bb2 Rd8 15. Rab1 Qxd3 16. Qc1 Bb7 17. f3 Bc5+ 18. Kh1 Ng4 19. fxg4 Qh3 20. Rf3 Bxf3
21. gxf3 Qxf3#
0-1

[Event "8 Player Open 13"]
[Site "SchemingMind.com"]
[Date "2014.10.05"]
[Round "-"]
[White "palberto63"]
[Black "Manfred Kraut"]
[Result "1-0"]
[WhiteCountry "CUB"]
[BlackCountry "GER"]
[WhiteElo "2213"]
[WhiteRD "64"]
[BlackElo "1533"]
[BlackRD "70"]
[GameID "366349"]

1. e4 c5 2. Nf3 Nc6 3. c3 g6 4. d4 cxd4 5. cxd4 Bg7 6. Nc3 d6 7. Be2 Nf6 8. d5 Nb8 9. Be3 O-O 10. O-O Nbd7
11. Rc1 a6 12. h3 Ne5 13. Nd4 Nc4 14. Bxc4 b5 15. Be2 Bb7 16. Qb3 Qd7 17. a4 bxa4 18. Nxa4 Qd8 19. Qxb7 Nxe4 20. Nc6 Qe8
21. Bd3 Nf6 22. Nb6
1-0

[Event "8 Player Open 13"]
[Site "SchemingMind.com"]
[Date "2014.10.02"]
[Round "-"]
[White "maro"]
[Black "palberto63"]
[Result "0-1"]
[WhiteCountry "MEX"]
[BlackCountry "CUB"]
[WhiteElo "1499"]
[WhiteRD "58"]
[BlackElo "2213"]
[BlackRD "64"]
[GameID "366350"]

1. e4 c5 2. Nf3 d6 3. Na3 Nc6 4. Bb5 Bd7 5. O-O a6 6. Bxc6 Bxc6 7. d3 e6 8. Bf4 b5 9. c3 Ne7 10. Re1 Ng6
11. Bg5 f6 12. Be3 Be7 13. b3 O-O 14. Nc2 d5 15. exd5 Qxd5 16. c4 bxc4 17. bxc4 Qh5 18. d4 Qf5 19. d5 exd5 20. cxd5 Bxd5
21. Bc1 Bxf3 22. Qxf3 Qxc2 23. Qd5+ Kh8 24. h4 Rfd8 25. Qf3 Nxh4 26. Qb7 Qg6 27. g3 Bd6 28. Re4 Bxg3 29. fxg3 Qxg3+ 30. Kf1 Rd1+
31. Ke2 Qe1#
0-1

[Event "8 Player Open 13"]
[Site "SchemingMind.com"]
[Date "2014.10.02"]
[Round "-"]
[White "palberto63"]
[Black "maro"]
[Result "1-0"]
[WhiteCountry "CUB"]
[BlackCountry "MEX"]
[WhiteElo "2120"]
[WhiteRD "74"]
[BlackElo "1521"]
[BlackRD "55"]
[GameID "366351"]

1. e4 e5 2. Nf3 Nc6 3. d4 exd4 4. Bc4 Be7 5. Nxd4 Ne5 6. Be2 Nf6 7. Nc3 b6 8. f4 Ng6 9. e5 Ng8 10. Bf3 c6
11. Qe2 Bc5 12. Nb3 Bb4 13. f5 Nh4 14. O-O Qc7 15. Bh5 a5 16. Qc4 Kd8 17. Qxf7 Qxe5 18. Bg5+ Nf6 19. Qxg7 Rg8 20. Bxf6+
1-0

[Event "8 Player Open 13"]
[Site "SchemingMind.com"]
[Date "2014.10.02"]
[Round "-"]
[White "Scooter"]
[Black "palberto63"]
[Result "0-1"]
[WhiteCountry "USA"]
[BlackCountry "CUB"]
[WhiteElo "1752"]
[WhiteRD "44"]
[BlackElo "2120"]
[BlackRD "74"]
[GameID "366352"]

1. d4 Nf6 2. Nf3 e6 3. Bg5 h6 4. Bxf6 Qxf6 5. e3 c5 6. c3 a6 7. Be2 d5 8. O-O Nc6 9. Nbd2 Bd6 10. e4 cxd4
11. exd5 exd5 12. cxd4 O-O 13. Nb3 Re8 14. Re1 Bg4 15. h3 Bxf3 16. Bxf3 Rxe1+ 17. Qxe1 Qf4 18. Qc1 Qh2+ 19. Kf1 Qh1+ 20. Ke2 Re8+
21. Kd3 Nb4+ 22. Kc3 Rc8+ 23. Nc5 Nxa2+
0-1

[Event "8 Player Open 13"]
[Site "SchemingMind.com"]
[Date "2014.10.02"]
[Round "-"]
[White "palberto63"]
[Black "Scooter"]
[Result "1-0"]
[WhiteCountry "CUB"]
[BlackCountry "USA"]
[WhiteElo "2120"]
[WhiteRD "74"]
[BlackElo "1752"]
[BlackRD "44"]
[GameID "366353"]

1. e4 c6 2. c4 d5 3. cxd5 cxd5 4. exd5 Qxd5 5. Nc3 Qd8 6. d4 Nf6 7. Nf3 Bg4 8. h3 Bxf3 9. Qxf3 Nc6 10. Bb5 e6
11. Bxc6+ bxc6 12. Qxc6+ Ke7 13. Bf4 Ne8 14. Qb7+
1-0

[Event "8 Player Open 13"]
[Site "SchemingMind.com"]
[Date "2014.10.02"]
[Round "-"]
[White "Sahajaxx"]
[Black "palberto63"]
[Result "1/2-1/2"]
[WhiteCountry "ENG"]
[BlackCountry "CUB"]
[WhiteElo "2186"]
[WhiteRD "78"]
[BlackElo "2213"]
[BlackRD "64"]
[GameID "366354"]

1. Nf3 Nf6 2. d4 e6 3. c4 c5 4. Nc3 cxd4 5. Nxd4 Nc6 6. e3 Bc5 7. Nb3 Be7 8. Be2 d5 9. O-O O-O 10. cxd5 exd5
11. Nd4 Be6 12. b3 Bc5 13. Na4 Bxd4 14. exd4 Bf5 15. Be3 Nb4 16. Qd2 Nc2 17. Rac1 Nxe3 18. fxe3 g6 19. Bf3 Qd6 20. Nc3 Rac8
21. h3 Qe6 22. Ne2 b6 23. Ng3 Be4 24. Bxe4 Nxe4 25. Nxe4 Qxe4 26. Rxc8=
1/2-1/2

[Event "8 Player Open 13"]
[Site "SchemingMind.com"]
[Date "2014.10.02"]
[Round "-"]
[White "palberto63"]
[Black "Sahajaxx"]
[Result "1-0"]
[WhiteCountry "CUB"]
[BlackCountry "ENG"]
[WhiteElo "2213"]
[WhiteRD "64"]
[BlackElo "2186"]
[BlackRD "78"]
[GameID "366355"]

1. e4 c5 2. Nf3 g6 3. c3 Bg7 4. d4 cxd4 5. cxd4 Nc6 6. Nc3 d6 7. Be2 Nf6 8. d5 Nb8 9. O-O O-O 10. Be3 Nbd7
11. Rc1 a5 12. h3 b6 13. Qc2 Bb7 14. Rfd1 Rc8 15. a3 Nc5 16. Bc4 Ba6 17. Bxa6 Nxa6 18. Nd4 Nb8 19. Qe2 Nfd7 20. Ndb5 h5
21. Bg5 Qe8 22. Rc2 Nf6 23. e5 dxe5 24. d6 exd6 25. Bxf6 Bxf6 26. Nxd6 Qe6 27. Nxc8 Rxc8 28. Nd5
1-0

[Event "8 Player Open 13"]
[Site "SchemingMind.com"]
[Date "2014.10.04"]
[Round "-"]
[White "gabeeg"]
[Black "palberto63"]
[Result "0-1"]
[WhiteCountry "USA"]
[BlackCountry "CUB"]
[WhiteElo "1993"]
[WhiteRD "101"]
[BlackElo "2213"]
[BlackRD "64"]
[GameID "366356"]

1. Nf3 Nf6 2. c4 e6 3. g3 d5 4. Bg2 d4 5. O-O c5 6. d3 Nc6 7. e3 Bd6 8. exd4 cxd4 9. Bg5 O-O 10. Nbd2 Be7
11. Re1 a5 12. Ne5 Nxe5 13. Rxe5 h6 14. Bxf6 Bxf6 15. Rb5 Ra7 16. Qf3 Qc7 17. b4 axb4 18. Rxb4 b6 19. Qc6 Bd8 20. Qxc7 Bxc7
21. f4 g5 22. fxg5 hxg5 23. Nf3 Ra3 24. Rb3 Ra5 25. Rb5 g4 26. Rxa5 bxa5 27. Nd2 f5 28. Rb1 Kf7 29. Nb3 Rd8 30. a4 Ke7
31. Nc5 Rd6 32. Kf2 Rb6 33. Rb5 e5 34. Bd5 Rxb5 35. cxb5 Kd6 36. Bb7 Bxb7 37. Nxb7+ Kd5 38. Ke2 Bb6 39. Kf1 e4
0-1

[Event "8 Player Open 13"]
[Site "SchemingMind.com"]
[Date "2014.10.04"]
[Round "-"]
[White "palberto63"]
[Black "gabeeg"]
[Result "1-0"]
[WhiteCountry "CUB"]
[BlackCountry "USA"]
[WhiteElo "2213"]
[WhiteRD "64"]
[BlackElo "1993"]
[BlackRD "101"]
[GameID "366357"]

1. e4 g6 2. d4 Bg7 3. Nf3 d6 4. Be2 Nf6 5. Nc3 O-O 6. O-O c6 7. h3 Nbd7 8. Bf4 Qa5 9. a3 e5 10. dxe5 dxe5
11. b4 Qc7 12. Be3 Rd8 13. Qc1 Nh5 14. Bc4 Nb6 15. Bb3 Bf6 16. Ne2 Bd7 17. Rb1 Nc8 18. Bg5 Nd6 19. g4 Nxe4 20. gxh5 Bxh3
21. Bxf6 Nxf6 22. hxg6 hxg6 23. Qh6 Bxf1 24. Qxg6+ Kf8 25. Qxf6 Bxe2 26. Re1 Bxf3 27. Qh8+ Ke7 28. Rxe5+ Qxe5 29. Qxe5+ Kf8 30. Qc5+ Kg8
31. Qg5+ Kf8 32. Qh6+ Ke7 33. Qe3+ Kd7 34. Qxf3 Rf8 35. Qf5+ Kc7 36. Bxf7 Rae8 37. Qf4+ Kb6 38. Qd4+ Kc7 39. Bxe8 Rg8+ 40. Kf1 Rxe8
41. f4 b6 42. Qg7+
1-0

[Event "8 Player Open 13"]
[Site "SchemingMind.com"]
[Date "2014.10.03"]
[Round "-"]
[White "Marc Wakeham"]
[Black "klapa"]
[Result "0-1"]
[WhiteCountry "WLS"]
[BlackCountry "POL"]
[WhiteElo "1534"]
[WhiteRD "61"]
[BlackElo "1465"]
[BlackRD "59"]
[GameID "366367"]

1. e4 d6 2. d4 e5 3. dxe5 Nc6 4. exd6 Bxd6 5. Nc3 Nf6 6. Bg5 O-O 7. Nf3 Be7 8. Bb5 Bc5 9. O-O a6 10. Bxc6 bxc6
11. Qxd8 Rxd8 12. Rad1 Rxd1 13. Rxd1 Be6 14. a3 a5 15. Bxf6 gxf6 16. Nd4 Rd8 17. Nxc6 Ra8 18. Nb5 Ra6 19. Nxc7 Rxc6 20. Nxe6 Rxe6
0-1

[Event "8 Player Open 13"]
[Site "SchemingMind.com"]
[Date "2014.10.02"]
[Round "-"]
[White "klapa"]
[Black "Marc Wakeham"]
[Result "0-1"]
[WhiteCountry "POL"]
[BlackCountry "WLS"]
[WhiteElo "1442"]
[WhiteRD "63"]
[BlackElo "1534"]
[BlackRD "67"]
[GameID "366368"]

1. b3 d6 2. Bb2 e5 3. e3 Nf6 4. Nf3 Bd7 5. Be2 Be7 6. O-O O-O 7. d3 Nc6 8. c4 Ne8 9. e4 f5 10. Qc1 f4
11. Nc3 Bg4 12. Qc2 Bxf3 13. Bxf3 Nd4 14. Qd1 Nf6 15. a4 c5 16. a5 Nxf3+ 17. Qxf3 Qe8 18. Ba3 Qh5 19. Qxh5 Nxh5 20. Nd5 Rf7
21. b4 Nf6 22. b5 Nxd5 23. cxd5 g5 24. Bb2 Raf8 25. b6 a6 26. f3 Rf6 27. h3 h5 28. Kf2 g4 29. Ke1 Rg6 30. h4 Bxh4+
31. Kd1 gxf3 32. gxf3 Rg2 33. Rc1 Rf7 34. Rc2 Rfg7 35. Kc1 Rg1 36. Rxg1 Rxg1+ 37. Kd2 Rg2+ 38. Kc3 Be1+ 39. Kb3 Rxc2 40. Kxc2 h4
41. Bxe5 Bg3 42. Bxd6 h3 43. Bxc5 h2 44. d6 h1=Q 45. d7 Bh4 46. e5 Qxf3 47. Kc3 Qc6 48. e6 Qxc5+ 49. Kd2 Qxa5+ 50. Ke2 Qa2+
51. Kf3 Qxe6 52. Kxf4 Qxd7 53. d4 Qxd4+ 54. Kf3 a5 55. Kg2 Qe3 56. Kh2 a4 57. Kh1 Qe2 58. Kg1 Bg3 59. Kh1 Qh2#
0-1

[Event "8 Player Open 13"]
[Site "SchemingMind.com"]
[Date "2014.10.05"]
[Round "-"]
[White "Manfred Kraut"]
[Black "klapa"]
[Result "1-0"]
[WhiteCountry "GER"]
[BlackCountry "POL"]
[WhiteElo "1533"]
[WhiteRD "70"]
[BlackElo "1442"]
[BlackRD "63"]
[GameID "366369"]

1. d4 d5 2. Nf3 Nc6 3. e3 Qd6 4. Bd3 Be6 5. O-O O-O-O 6. b3 h5 7. Bb2 h4 8. h3 f6 9. Nbd2 g5 10. c4 g4
11. hxg4 h3 12. g3 Bxg4 13. c5 Bxf3 14. Nxf3 e5 15. Bf5+ Qd7 16. Bxd7+ Rxd7 17. Nh4 Nh6 18. Kh2 e4 19. Kxh3 Nf5 20. Qg4 Nh6
21. Qe6 Bg7 22. Ng6 Nd8 23. Ne7+ Kb8 24. Qxd7 Nf5+ 25. Kg2 Nxe7 26. Qxe7 Bh6 27. Qxf6 Re8 28. Qxh6 a6 29. Rh1 Ka7 30. Qg6 Re6
31. Qxe6 Nxe6 32. f3 exf3+ 33. Kxf3 b6 34. cxb6+ cxb6 35. Rh7+ Kb8 36. Rc1 Ng5+ 37. Kg4 Nxh7 38. Ba3 Nf6+ 39. Kf5 Nd7 40. Ke6 Nf8+
41. Bxf8 a5 42. Kxd5 b5 43. Bd6+ Ka7 44. g4 a4 45. Rc6 axb3 46. axb3 b4 47. Bxb4 Kb8 48. g5
1-0

[Event "8 Player Open 13"]
[Site "SchemingMind.com"]
[Date "2014.10.02"]
[Round "-"]
[White "klapa"]
[Black "Manfred Kraut"]
[Result "0-1"]
[WhiteCountry "POL"]
[BlackCountry "GER"]
[WhiteElo "1442"]
[WhiteRD "63"]
[BlackElo "1533"]
[BlackRD "70"]
[GameID "366370"]

1. g3 g6 2. Bg2 Bg7 3. e4 d6 4. f4 Nf6 5. d4 O-O 6. d5 Bg4 7. Bf3 Bxf3 8. Qxf3 c6 9. Nc3 cxd5 10. exd5 Nbd7
11. Be3 Nc5 12. Nh3 Qa5 13. O-O Ncd7 14. a3 b5 15. b4 Qc7 16. Nxb5 Qxc2 17. Rac1 Qa4 18. Nc7 Rac8 19. g4 Qxa3 20. Ra1 Qxb4
21. Rxa7 Qc3 22. g5 Nh5 23. Nb5 Qb3 24. Qe2 Rc2 25. Bd2 Rxd2 26. Qxd2 Qxb5 27. Rfa1 Bxa1 28. Qa2 Bd4+ 29. Nf2 Nxf4 30. Ra4 Ne2+
31. Kg2 Qb2 32. Qxb2 Bxb2 33. Ra2 Rb8 34. Nd3 Nc3 35. Ra7 Nc5 36. Rxe7 Nxd3 37. h4 Nxd5 38. Re4 Be5 39. h5 Rb2+ 40. Kh3 Rh2+
41. Kg4 Nf2+ 42. Kf3 Nxe4 43. Kxe4 Ne7 44. h6 f5+ 45. Kd3 Rg2 46. Kc4 f4 47. Kb5 Rc2 48. Kb6 f3 49. Kb7 f2
0-1

[Event "8 Player Open 13"]
[Site "SchemingMind.com"]
[Date "2014.10.03"]
[Round "-"]
[White "maro"]
[Black "klapa"]
[Result "0-1"]
[WhiteCountry "MEX"]
[BlackCountry "POL"]
[WhiteElo "1521"]
[WhiteRD "55"]
[BlackElo "1465"]
[BlackRD "59"]
[GameID "366371"]

1. e4 d6 2. Nc3 e5 3. d4 f6 4. d5 f5 5. exf5 Bxf5 6. Bd3 Qf6 7. Ne4 Bxe4 8. Bxe4 Nd7 9. Nf3 O-O-O 10. O-O h5
11. Bg5 Qf7 12. Bxd8 Kxd8 13. Qd2 Ngf6 14. Ng5 Qe7 15. Qe3 h4 16. Ne6+ Kc8 17. Qxa7 Nxe4 18. Qa8+ Nb8 19. Rad1 h3 20. g3 Ng5
21. Rd3 Nxe6 22. Rb3 Nd8 23. Re1 Qg5 24. Qa4 Qd2 25. Kf1 Qxc2 26. Qg4+ Nd7 27. Ra3 b6 28. b3 Rh6 29. Qa4 Rf6 30. Re2 Qd1+
31. Re1 Qf3 32. Qa6+ Nb7 33. Re2 Qh1#
0-1

[Event "8 Player Open 13"]
[Site "SchemingMind.com"]
[Date "2014.10.02"]
[Round "-"]
[White "klapa"]
[Black "maro"]
[Result "0-1"]
[WhiteCountry "POL"]
[BlackCountry "MEX"]
[WhiteElo "1465"]
[WhiteRD "59"]
[BlackElo "1521"]
[BlackRD "55"]
[GameID "366372"]

1. e4 e5 2. Nf3 Nc6 3. Bc4 Be7 4. b3 Nf6 5. Ng5 O-O 6. Bb2 d5 7. exd5 Nxd5 8. O-O Bxg5 9. d4 e4 10. Ba3 Re8
11. Nd2 e3 12. Nf3 exf2+ 13. Rxf2 Ne3 14. Qd3 Bf5 15. Nxg5 Bxd3 16. Nxf7 Qh4 17. g3 Qh5 18. g4 Qxg4+ 19. Kh1 Be4+ 20. Rf3 Bxf3#
0-1

[Event "8 Player Open 13"]
[Site "SchemingMind.com"]
[Date "2014.10.02"]
[Round "-"]
[White "Scooter"]
[Black "klapa"]
[Result "1-0"]
[WhiteCountry "USA"]
[BlackCountry "POL"]
[WhiteElo "1752"]
[WhiteRD "44"]
[BlackElo "1465"]
[BlackRD "59"]
[GameID "366373"]

1. d4 d5 2. Nf3 Nc6 3. Bf4 Qd7 4. c3 Qf5 5. e3 Nf6 6. Bd3 Be6 7. Bxf5 Bxf5 8. O-O e6 9. h3 Nh5 10. Bxc7 Be7
11. Nbd2 O-O 12. Re1 Rac8 13. Bh2 Bf6 14. g4 Bg6 15. gxh5 Bxh5 16. Qb3 a5 17. Qxb7 Ne7 18. Bd6 a4 19. Bxe7 Bxe7 20. Qxe7 f6
21. Qxe6+ Bf7 22. Qg4 a3 23. bxa3 Rxc3 24. Rec1 Rxa3 25. Rc6 h5 26. Qg3 Raa8 27. Rxf6 Kh8 28. Rc6 Be8 29. Rc7 g6 30. Qe5+ Kg8
31. Qg7#
1-0

[Event "8 Player Open 13"]
[Site "SchemingMind.com"]
[Date "2014.10.02"]
[Round "-"]
[White "klapa"]
[Black "Scooter"]
[Result "0-1"]
[WhiteCountry "POL"]
[BlackCountry "USA"]
[WhiteElo "1442"]
[WhiteRD "63"]
[BlackElo "1761"]
[BlackRD "48"]
[GameID "366374"]

1. d3 Nf6 2. e4 d6 3. Nc3 g6 4. d4 Bg7 5. Bd3 O-O 6. Be3 a6 7. Qf3 Nbd7 8. O-O-O e5 9. Kb1 exd4 10. Bxd4 Ne5
11. Qf4 Nxd3 12. Rxd3 Re8 13. Nf3 Nh5 14. Qe3 Bxd4 15. Rxd4 Bg4 16. e5 Bxf3 17. Qxf3 Rxe5 18. g3 Rb8 19. h4 Qf6 20. Qg4 Qxf2
21. Nd1 Qxg3 22. Qd7 Re1 23. Rxe1 Qxe1 24. Qxc7 Re8 25. Rxd6 Re6 26. Rd8+ Kg7 27. Rd7 Re7 28. a3 Qxd1+ 29. Rxd1 Rxc7 30. Rd8 Nf4
31. b4 Ng2 32. Rd2 Nxh4 33. Rd6 Nf5 34. Rd5 Rxc2 35. Rxf5 gxf5 36. Kxc2 Kg6 37. Kd2 Kg5 38. Ke2 Kg4 39. Kf2 b5 40. Kg2 h5
41. a4 h4 42. Kh2 Kf3 43. Kh3 Ke2 44. Kxh4 f4 45. axb5 axb5 46. Kg4 f3 47. Kf5 f2 48. Kf6 f1=Q+ 49. Ke7 Ke3 50. Kf8 Ke4
51. Ke7 Ke5 52. Kd7 Qf6 53. Ke8 Qg7 54. Ke7 f6+ 55. Kd8 Kd6 56. Kc8 Qc7#
0-1

[Event "8 Player Open 13"]
[Site "SchemingMind.com"]
[Date "2014.10.02"]
[Round "-"]
[White "klapa"]
[Black "Sahajaxx"]
[Result "0-1"]
[WhiteCountry "POL"]
[BlackCountry "ENG"]
[WhiteElo "1465"]
[WhiteRD "59"]
[BlackElo "2188"]
[BlackRD "77"]
[GameID "366375"]

1. b3 e5 2. Bb2 Nc6 3. e4 Nf6 4. d3 Bb4+ 5. c3 Ba5 6. b4 Bb6 7. b5 Ne7 8. c4 d6 9. Nf3 Ng4 10. Be2 Nxf2
11. Qd2 Nxh1 12. Ng5 h6 13. Nf3 Bf2+ 14. Kd1 Bb6 15. Nc3 Nf2+ 16. Kc1 Ng4 17. Nd1 O-O 18. h3 Nf6 19. g4 a6 20. g5 hxg5
21. Nxg5 Ng6 22. Bf1 Nh5 23. Be2 Nhf4 24. h4 Nxh4 25. Nf3 axb5 26. d4 Ba5 27. Bc3 Nxe2+ 28. Qxe2 Nxf3 29. Qxf3 Qg5+ 30. Kb1 Bg4
31. Qd3 Bxc3 32. Qxc3 Bxd1 33. Kb2 Qg2+ 34. Kc1 exd4 35. Qd2 Qxd2+ 36. Kxd2 Ba4 37. Kd3 bxc4+ 38. Kxc4 f5 39. Kxd4 fxe4 40. Kxe4 Rae8+
41. Kd4 Rf4+ 42. Kd3 Bb5+ 43. Kc3 Re3+ 44. Kd2 Rff3 45. a4 Re2+ 46. Kc1 Rf1#
0-1

[Event "8 Player Open 13"]
[Site "SchemingMind.com"]
[Date "2014.10.02"]
[Round "-"]
[White "Sahajaxx"]
[Black "klapa"]
[Result "1-0"]
[WhiteCountry "ENG"]
[BlackCountry "POL"]
[WhiteElo "2188"]
[WhiteRD "77"]
[BlackElo "1465"]
[BlackRD "59"]
[GameID "366376"]

1. Nf3 d5 2. d4 Nc6 3. Bf4 e6 4. e3 Nf6 5. Nbd2 Bb4 6. c3 Ba5 7. Bd3 O-O 8. O-O Qe7 9. Qc2 Nh5 10. Bg5 Qd6
11. Bxh7+ Kh8 12. Bd3 g6 13. Bxg6 fxg6 14. Qxg6 e5 15. Qxh5+ Kg8 16. dxe5 Nxe5 17. Nxe5 Qxe5 18. Qg6+ Qg7 19. Qxg7+ Kxg7 20. Nb3 c6
21. Nxa5 Rf5 22. h4 Be6 23. Nxb7 Rb8 24. Nd6 Re5 25. Bf4 Rh5 26. Nf5+ Bxf5 27. Bxb8 Rxh4 28. Bxa7 Kg6 29. Bd4 Kg5 30. f4+ Kg4
31. Bf6 Kg3 32. Bxh4+ Kxh4 33. a4 c5 34. a5 c4 35. a6 d4 36. a7 Be4 37. a8=Q Bxa8 38. Rxa8 dxc3 39. Rg8 cxb2 40. Kf2 c3
41. Rh1#
1-0

[Event "8 Player Open 13"]
[Site "SchemingMind.com"]
[Date "2014.10.04"]
[Round "-"]
[White "klapa"]
[Black "gabeeg"]
[Result "0-1"]
[WhiteCountry "POL"]
[BlackCountry "USA"]
[WhiteElo "1442"]
[WhiteRD "63"]
[BlackElo "1993"]
[BlackRD "101"]
[GameID "366377"]

1. d4 d6 2. e4 Nf6 3. Nc3 g6 4. Be3 Bg7 5. d5 O-O 6. Qd3 a6 7. O-O-O e5 8. Kb1 b5 9. Qd2 b4 10. h4 bxc3
11. Qxc3 Nxe4 12. Qd3 Bf5 13. Bg5 f6 14. Qf3 fxg5 15. h5 g4 16. Qe3 Nd7 17. hxg6 Bxg6 18. Ne2 Nxf2 19. Rd2 Nxh1 20. g3 Rxf1+
21. Rd1 Rxd1+ 22. Qc1 Bxc2+ 23. Kxc2 Rxc1+ 24. Nxc1 Qf6 25. b3 e4 26. a4 Qb2+ 27. Kd1 Bc3 28. b4 Qd2#
0-1

[Event "8 Player Open 13"]
[Site "SchemingMind.com"]
[Date "2014.10.04"]
[Round "-"]
[White "gabeeg"]
[Black "klapa"]
[Result "1-0"]
[WhiteCountry "USA"]
[BlackCountry "POL"]
[WhiteElo "2035"]
[WhiteRD "110"]
[BlackElo "1465"]
[BlackRD "59"]
[GameID "366378"]

1. Nf3 d5 2. g3 Nc6 3. Bg2 e5 4. d3 d4 5. O-O Qd6 6. a3 Be6 7. e4 O-O-O 8. Bg5 f6 9. Bd2 g5 10. c3 h5
11. cxd4 g4 12. d5 gxf3 13. Bxf3 h4 14. Nc3 Qd7 15. dxe6 Qxe6 16. Bg4 Nd4 17. Bxe6+ Nxe6 18. Qg4 Re8 19. Rac1 Kb8 20. Nb5 Nd4
21. Qd7 Rc8 22. Rxc7 Nf3+ 23. Kg2 Ne7 24. Rxc8+ Nxc8 25. Qc7+ Ka8 26. Qxc8#
1-0

[Event "8 Player Open 13"]
[Site "SchemingMind.com"]
[Date "2014.10.02"]
[Round "-"]
[White "klapa"]
[Black "palberto63"]
[Result "0-1"]
[WhiteCountry "POL"]
[BlackCountry "CUB"]
[WhiteElo "1442"]
[WhiteRD "63"]
[BlackElo "2213"]
[BlackRD "64"]
[GameID "366379"]

1. e4 c5 2. f4 e6 3. Nf3 Nc6 4. d3 g6 5. e5 d5 6. Na3 f6 7. exf6 Nxf6 8. Bd2 Qb6 9. b3 c4 10. bxc4 Bxa3
11. Bc3 Ne4 12. dxe4 Qe3+ 13. Be2 Qxc3+ 14. Nd2 Nd4 15. O-O Qe3+ 16. Rf2 Bc5 17. Qe1 Nxc2 18. Qf1 Nxa1 19. Nf3 dxe4 20. Ne5 Qxf4
21. Ng4 O-O 22. Kh1 Bxf2 23. Nxf2 Qxf2 24. h3 Qxf1+ 25. Bxf1 Rxf1+ 26. Kh2 e3 27. c5 e2 28. g4 e1=Q 29. a4 Qf2#
0-1

[Event "8 Player Open 13"]
[Site "SchemingMind.com"]
[Date "2014.10.03"]
[Round "-"]
[White "palberto63"]
[Black "klapa"]
[Result "1-0"]
[WhiteCountry "CUB"]
[BlackCountry "POL"]
[WhiteElo "2120"]
[WhiteRD "74"]
[BlackElo "1465"]
[BlackRD "59"]
[GameID "366380"]

1. e4 g6 2. d4 Bg7 3. Nf3 d6 4. Be2 Nc6 5. O-O e6 6. c4 h5 7. Nc3 h4 8. h3 Nxd4 9. Nxd4 Qf6 10. Nf3 e5
11. Bg5 Qe6 12. Nb5 Qd7 13. c5 f6 14. cxd6 Rb8 15. dxc7 Ra8 16. Nd6+ Kf8 17. Nxc8 Qxc7 18. Rc1 Qf7 19. Nxe5 Qe6 20. Qd8+ Qe8
21. Nd7+ Kf7 22. Bc4+ Qe6 23. Nd6#
1-0